000
00196 a2200097 4500
001
16779
100
_a
Thrower Percy
245
_a
In your garden
260
_a
_b
Hamlyn
_c
090
_c
12645
_d
12645
942
_a
NUST-CAE
_c
M
_c
2942
999
_c
251852
_d
251852